LEADER 02755nam0 2200577 i 450 001 VAN0127099 005 20230627092922.557 017 70$2N$a9783030285654 100 $a20200224d2019 |0itac50 ba 101 $aeng 102 $aCH 105 $a|||| ||||| 200 1 $aOptimization in Large Scale Problems$eIndustry 4.0 and Society 5.0 Applications$fMahdi Fathi, Marzieh Khakifirooz, Panos M. Pardalos editors 210 $aCham$cSpringer$d2019 215 $axi, 340 p.$cill.$d24 cm 410 1$1001VAN0067197$12001 $aSpringer optimization and its applications$1210 $aBerlin [etc.]$cSpringer$d2006-$v152 500 1$3VAN0236951$aOptimization in Large Scale Problems$91733481 606 $a49-XX$xCalculus of variations and optimal control; optimization [MSC 2020]$3VANC019757$2MF 606 $a65-XX$xNumerical analysis [MSC 2020]$3VANC019772$2MF 606 $a90Bxx$xOperations research and management science [MSC 2020]$3VANC019945$2MF 606 $a90Cxx$xMathematical programming [MSC 2020]$3VANC020086$2MF 606 $a65Kxx$xNumerical methods for mathematical programming, optimization and variational techniques [MSC 2020]$3VANC022719$2MF 606 $a90-XX$xOperations research, mathematical programming [MSC 2020]$3VANC025650$2MF 606 $a49Mxx$xNumerical methods in optimal control [MSC 2020]$3VANC031384$2MF 610 $aAdvanced transportation networks$9KW:K 610 $aBenders decomposition$9KW:K 610 $aDynamic system management$9KW:K 610 $aEnergy systems$9KW:K 610 $aIndustry 4.0$9KW:K 610 $aInteger programming$9KW:K 610 $aLarge-Scale Optimization$9KW:K 610 $aLinear programming$9KW:K 610 $aMachine learning$9KW:K 610 $aMulti-tree decomposition$9KW:K 610 $aNonlinear optimization$9KW:K 610 $aSociety 5.0$9KW:K 610 $aStochastic Programming$9KW:K 620 $aCH$dCham$3VANL001889 702 1$aFathi$bMahdi$3VANV098369 702 1$aKhakifirooz$bMarzieh$3VANV098368 702 1$aPardalos$bPanos M.$3VANV038535 712 $aSpringer $3VANV108073$4650 790 1$aPardalos, P. M.$zPardalos, Panos M.$3VANV063873 801 $aIT$bSOL$c20240614$gRICA 856 4 $uhttp://doi.org/10.1007/978-3-030-28565-4$zE-book ? Accesso al full-text attraverso riconoscimento IP di Ateneo, proxy e/o Shibboleth 899 $aBIBLIOTECA DEL DIPARTIMENTO DI MATEMATICA E FISICA$1IT-CE0120$2VAN08 912 $fN 912 $aVAN0127099 950 $aBIBLIOTECA DEL DIPARTIMENTO DI MATEMATICA E FISICA$d08CONS e-book 1705 $e08eMF1705 20200224 996 $aOptimization in Large Scale Problems$91733481 997 $aUNICAMPANIA LEADER 02313nam0 22004933i 450 001 VAN00288081 005 20250424122153.590 017 70$2N$a9783540466352 100 $a20250303d1991 |0itac50 ba 101 $aeng 102 $aDE 105 $a|||| ||||| 181 $ai$b e 182 $ab 183 $acr 200 1 $aBoundary Value Problems and Markov Processes$fKazuaki Taira 210 $aBerlin [etc.]$cSpringer$d1991 215 $a132 p.$cill.$d24 cm 461 1$1001VAN00102250$12001 $aLecture notes in mathematics$1210 $aBerlin [etc.]$cSpringer$v1499 500 1$3VAN00234196$aBoundary value problems and Markov processes$978656 606 $a35J25$xBoundary value problems for second-order elliptic equations [MSC 2020]$3VANC019840$2MF 606 $a35K60$xNonlinear initial, boundary and initial-boundary value problems for linear parabolic equations [MSC 2020]$3VANC030681$2MF 606 $a47D07$xMarkov semigroups and applications to diffusion processes [MSC 2020]$3VANC021642$2MF 606 $a47Dxx$xGroups and semigroups of linear operators, their generalizations and applications [MSC 2020]$3VANC022240$2MF 606 $a60J35$xTransition functions, generators and resolvents [MSC 2020]$3VANC021476$2MF 610 $aAnalytic Semigroup$9KW:K 610 $aBoundary Value Problems$9KW:K 610 $aElliptic Boundary Value Problem$9KW:K 610 $aFeller Semigroup$9KW:K 610 $aMarkov Processes$9KW:K 610 $aPartial Differential Equations$9KW:K 610 $aProbability Theory$9KW:K 610 $aSemilinear Parabolic Equation$9KW:K 620 $dBerlin$3VANL000066 700 1$aTaira$bKazuaki$3VANV045136$059537 712 $aSpringer $3VANV108073$4650 801 $aIT$bSOL$c20250425$gRICA 856 4 $uhttps://doi.org/10.1007/BFb0092029$zE-book ? Accesso al full-text attraverso riconoscimento IP di Ateneo, proxy e/o Shibboleth 899 $aBIBLIOTECA DEL DIPARTIMENTO DI MATEMATICA E FISICA$1IT-CE0120$2VAN08 912 $fN 912 $aVAN00288081 950 $aBIBLIOTECA DEL DIPARTIMENTO DI MATEMATICA E FISICA$d08DLOAD e-Book 10858 $e08eMF10858 20250312 996 $aBoundary value problems and Markov processes$978656 997 $aUNICAMPANIA